[Event "ESP-chT Rapid"]
[Site "Ubeda"]
[Date "2024.08.25"]
[Round "7.19"]
[White "Santos Reyes, Rodrigo"]
[Black "Domingo Nunez, Alejandro"]
[Result "0-1"]
[WhiteElo "1803"]
[BlackElo "2318"]
[PlyCount "82"]
[EventDate "2024.08.25"]
[EventType "team-swiss (rapid)"]
[EventRounds "7"]
[EventCountry "ESP"]
[SourceTitle "CBM 221 Extra"]
[Source "ChessBase"]
[SourceDate "2024.09.30"]
[SourceVersion "1"]
[SourceVersionDate "2024.09.30"]
[SourceQuality "1"]
[WhiteTeam "San Juan Pamplona"]
[BlackTeam "La Zubia"]
[WhiteTeamCountry "ESP"]
[BlackTeamCountry "ESP"]

1. Nc3 g6 2. g3 Bg7 3. Bg2 c5 4. d3 e6 5. e4 Nc6 6. Nf3 d5 7. 0-0 Nge7 8. Bg5 d4 9. Nb1 f6 10. Bd2 e5 11. a4 Be6 12. b3 Rb8 13. Na3 a6 14. Nc4 b5 15. Nb2 0-0 16. Qc1 Qd7 17. Bh6 Rfc8 18. Bxg7 Kxg7 19. Qd2 c4 20. bxc4 bxc4 21. Nxc4 Bxc4 22. dxc4 Qe6 23. Rfb1 Rd8 24. Bf1 Qd6 25. Ne1 Qc7 26. Nd3 Na5 27. c5 Nec6 28. Nc1 Qa7 29. Nb3 Nxb3 30. cxb3 a5 31. Bb5 Nb4 32. Rc1 Rbc8 33. c6 Qb6 34. Rc4 d3 35. Rac1 Rc7 36. Kg2 h5 37. h4 Rd6 38. f3 Rd8 39. Rc5 Qb8 40. R5c4 Kh7 41. Rc5 Rd4 0-1